[Event "Chigorin Memorial"]
[Site "St Petersburg"]
[Date "2016.10.20"]
[Round "6.69"]
[White "Azimov, Ilyas"]
[Black "Martynov, Roman"]
[Result "1-0"]
[WhiteElo "2151"]
[BlackElo "2307"]
[PlyCount "149"]
[EventDate "2016.10.15"]
[EventType "swiss"]
[EventRounds "9"]
[EventCountry "RUS"]

1. e4 c5 2. Nf3 e6 3. d4 cxd4 4. Nxd4 a6 5. Bd3 Qc7 6. O-O Nf6 7. c4 d6 8. b3
g6 9. Bb2 Bg7 10. Nd2 O-O 11. Rc1 Nbd7 12. Qe2 b6 13. Bb1 Bb7 14. b4 Rac8 15.
N2b3 Qb8 16. a4 Ba8 17. Ba3 Rfe8 18. a5 bxa5 19. Nxa5 d5 20. c5 Nxe4 21. Bxe4
dxe4 22. Rfd1 Ne5 23. Rb1 Nd3 24. Nc2 Qb5 25. Ne3 Qa4 26. Nec4 Rb8 27. Qd2 Bd4
28. Rf1 Red8 29. Nb6 Qb5 30. Nb3 Bg7 31. Nxa8 Rxa8 32. Qe2 f5 33. Nc1 Ne5 34.
Qa2 Kf7 35. Bb2 Rd2 36. Nb3 Qc4 37. Qa3 Rd3 38. Bxe5 Bxe5 39. Rfc1 Qb5 40. c6
Bd6 41. Qa2 Rd5 42. Na5 Rc8 43. Qc4 Qxc4 44. Nxc4 Bf4 45. Rc2 Bc7 46. g3 Ke7
47. Ra1 Rb8 48. Ne3 Rd6 49. Rxa6 Rxb4 50. Ra8 Rb6 51. Rc8 Rbxc6 52. Rxc7+ Rxc7
53. Rxc7+ Kf6 54. Rxh7 Rd2 55. h4 Ra2 56. Rc7 Rb2 57. Rc6 Kf7 58. Kg2 Ra2 59.
Rc2 Ra3 60. Nc4 Ra4 61. Nd2 Ra3 62. Kf1 e3 63. fxe3 Rxe3 64. Kf2 Ra3 65. Nf3
Kf6 66. Rc7 Ra2+ 67. Kf1 Ra1+ 68. Kg2 Ra2+ 69. Kh3 Ra3 70. Ng5 Ra6 71. Rf7+ Ke5
72. Rg7 Kf6 73. Rf7+ Ke5 74. Nh7 Ra3 75. Nf8 1-0

[Event "Chigorin Memorial"]
[Site "St Petersburg"]
[Date "2016.10.20"]
[Round "6.70"]
[White "Salemgareev, Tagir"]
[Black "Ivanov, Sergei V"]
[Result "1-0"]
[WhiteElo "2305"]
[BlackElo "2093"]
[PlyCount "79"]
[EventDate "2016.10.15"]
[EventType "swiss"]
[EventRounds "9"]
[EventCountry "RUS"]

1. d4 Nf6 2. c4 g6 3. Nc3 Bg7 4. e4 d6 5. Nf3 O-O 6. h3 Qe8 7. Be2 e5 8. d5 Nh5
9. g3 f5 10. exf5 gxf5 11. Nh4 Nf6 12. Qc2 Na6 13. a3 Nc5 14. Be3 Nce4 15. Nxe4
fxe4 16. O-O-O c6 17. Kb1 cxd5 18. cxd5 Bd7 19. g4 Qf7 20. Qb3 Bc6 21. Nf5 Rfd8
22. Bh6 Bf8 23. Qe3 Bd7 24. Bxf8 Qxf8 25. Ng3 Qf7 26. Bc4 b5 27. Bb3 a5 28. Bc2
a4 29. Nxe4 Nxe4 30. Qxe4 Rdc8 31. Rhf1 Rc4 32. Qe2 Rc5 33. Bd3 Kh8 34. Qe4 Rb8
35. f4 Re8 36. fxe5 Qg7 37. e6 Bxe6 38. dxe6 Re5 39. Rf7 Rxe4 40. Rxg7 1-0

[Event "Chigorin Memorial"]
[Site "St Petersburg"]
[Date "2016.10.20"]
[Round "6.71"]
[White "Fomin, Andrey"]
[Black "Bao, Qilin"]
[Result "0-1"]
[WhiteElo "2150"]
[BlackElo "2301"]
[PlyCount "50"]
[EventDate "2016.10.15"]
[EventType "swiss"]
[EventRounds "9"]
[EventCountry "RUS"]

1. e4 e5 2. Nf3 Nf6 3. Nc3 Bb4 4. Nxe5 O-O 5. Be2 Re8 6. Nd3 Bxc3 7. dxc3 Nxe4
8. Nf4 d6 9. O-O Nd7 10. c4 b6 11. f3 Nef6 12. Rf2 Bb7 13. Bf1 Ne5 14. Nd5 Nxd5
15. cxd5 Qf6 16. f4 Nd7 17. c4 b5 18. cxb5 Nb6 19. a4 Nxd5 20. Bc4 Ne7 21. Bd3
Nf5 22. Bd2 Be4 23. Bc3 Qe6 24. Bxe4 Qxe4 25. Qg4 d5 {unreadable} 0-1

[Event "Chigorin Memorial"]
[Site "St Petersburg"]
[Date "2016.10.20"]
[Round "6.72"]
[White "Vunder, Andrey"]
[Black "Ibadov, Dashgyn"]
[Result "0-1"]
[WhiteElo "2147"]
[BlackElo "2294"]
[PlyCount "112"]
[EventDate "2016.10.15"]
[EventType "swiss"]
[EventRounds "9"]
[EventCountry "RUS"]

1. d4 e6 2. Nf3 Nf6 3. Bf4 c5 4. e3 Be7 5. h3 O-O 6. Nbd2 b6 7. c3 cxd4 8. exd4
Bb7 9. Bd3 Nc6 10. O-O Rc8 11. Re1 Nd5 12. Bh2 f5 13. Nc4 Rf6 14. Nd6 Bxd6 15.
Bxd6 Rg6 16. a3 Na5 17. Bf1 Nc4 18. Bxc4 Rxc4 19. Kh1 Nf6 20. Bf4 Qa8 21. Qe2
b5 22. Rg1 Nh5 23. Bd2 Rg3 24. Ng5 Bxg2+ 25. Kh2 Qb8 26. Qe5 Qxe5 27. dxe5 Rd3
28. Kxg2 Rxd2 29. Rad1 Nf4+ 30. Kg3 Rxd1 31. Rxd1 Nd5 32. Nf3 a5 33. Nd4 b4 34.
cxb4 axb4 35. a4 Rc5 36. Ra1 Nc7 37. Nf3 Kf7 38. Rd1 Ke7 39. Rd6 Rc2 40. Rb6
Rxb2 41. Rb7 Nd5 42. Nd4 Ra2 43. Nc6+ Ke8 44. Rb8+ Kf7 45. Rb7 b3 46. Rxd7+ Ke8
47. Rd8+ Kf7 48. Rd7+ Kg6 49. Ne7+ Nxe7 50. Rxe7 f4+ 51. Kg2 b2 52. Rxe6+ Kf5
53. Rb6 Kxe5 54. a5 Kd4 55. a6 Kc3 56. Rc6+ Kd2 0-1

[Event "Chigorin Memorial"]
[Site "St Petersburg"]
[Date "2016.10.20"]
[Round "6.73"]
[White "Tran, Minh Thang"]
[Black "Ufimtsev, Egor"]
[Result "1-0"]
[WhiteElo "2293"]
[BlackElo "2088"]
[PlyCount "71"]
[EventDate "2016.10.15"]
[EventType "swiss"]
[EventRounds "9"]
[EventCountry "RUS"]

1. d4 Nf6 2. c4 e6 3. Nf3 b6 4. g3 Bb4+ 5. Bd2 a5 6. Bg2 Bb7 7. O-O O-O 8. a3
Be7 9. Nc3 Ne4 10. Qc2 Nxc3 11. Bxc3 d5 12. cxd5 exd5 13. b4 axb4 14. axb4 Nd7
15. b5 Nf6 16. Ne5 Ne4 17. Bb2 Bf6 18. Nc6 Qd7 19. Bxe4 dxe4 20. Qxe4 Rfe8 21.
Qf3 Qe6 22. Rxa8 Bxa8 23. Ra1 Bxc6 24. bxc6 h6 25. d5 Qxe2 26. Qxe2 Rxe2 27.
Bxf6 gxf6 28. d6 Re8 29. d7 Rd8 30. Ra7 Kf8 31. Rxc7 Ke7 32. Rb7 Ra8 33. Rc7 b5
34. Rc8 Ra1+ 35. Kg2 Rd1 36. Re8+ 1-0

[Event "Chigorin Memorial"]
[Site "St Petersburg"]
[Date "2016.10.20"]
[Round "6.74"]
[White "Paszewski, Mateusz"]
[Black "Hong, Xing"]
[Result "1-0"]
[WhiteElo "2291"]
[BlackElo "2013"]
[PlyCount "73"]
[EventDate "2016.10.15"]
[EventType "swiss"]
[EventRounds "9"]
[EventCountry "RUS"]

1. c4 Nf6 2. Nf3 e6 3. Nc3 d5 4. e3 c5 5. cxd5 exd5 6. d4 Bd6 7. dxc5 Bxc5 8.
Be2 O-O 9. O-O Nc6 10. b3 Re8 11. Bb2 Bf5 12. Rc1 Bf8 13. Nd4 Bd7 14. Bf3 Qa5
15. a3 Ne5 16. b4 Qd8 17. Nxd5 Nxd5 18. Bxd5 Bg4 19. Qb3 Qd7 20. f3 Bh5 21. e4
Rad8 22. h3 Ng6 23. f4 Bd6 24. Qg3 Bf8 25. Qg5 Bd6 26. Qxh5 Nxf4 27. Qf3 Nxd5
28. exd5 Be5 29. Rce1 f6 30. Kh1 Rf8 31. Re2 Rf7 32. Ne6 Bb8 33. Nxd8 Qxd8 34.
Qe4 Qc7 35. Qe8+ Rf8 36. Qe6+ Kh8 37. d6 1-0

[Event "Chigorin Memorial"]
[Site "St Petersburg"]
[Date "2016.10.20"]
[Round "6.75"]
[White "Zherebtsova, Alexandra"]
[Black "Gogolev, Artem"]
[Result "0-1"]
[WhiteElo "2139"]
[BlackElo "2287"]
[PlyCount "76"]
[EventDate "2016.10.15"]
[EventType "swiss"]
[EventRounds "9"]
[EventCountry "RUS"]

1. d4 Nf6 2. Nf3 e6 3. c4 d5 4. g3 Be7 5. Bg2 O-O 6. O-O dxc4 7. Nbd2 b5 8. a4
c6 9. e4 Nbd7 10. e5 Nd5 11. Ne4 b4 12. Qc2 Ba6 13. Neg5 g6 14. Qe4 Kg7 15. h4
c3 16. Re1 c5 17. Bh3 cxb2 18. Bxb2 Bxg5 19. Nxg5 Qe7 20. dxc5 Nxc5 21. Qg4 h6
22. Ne4 Nxe4 23. Rxe4 Bd3 24. h5 Bxe4 25. Qxe4 gxh5 26. Bg2 Rac8 27. Bd4 Rfd8
28. Bf1 Nc3 29. Qe3 a5 30. Bb6 Nd5 31. Bxd8 Rxd8 32. Qf3 Qg5 33. Re1 Rc8 34.
Qd1 h4 35. g4 h5 36. Ba6 Rc3 37. Be2 Nf4 38. Bf3 Rd3 0-1

[Event "Chigorin Memorial"]
[Site "St Petersburg"]
[Date "2016.10.20"]
[Round "6.76"]
[White "Leontiev, Aleksandr V"]
[Black "Sergeeva, Natalia"]
[Result "1-0"]
[WhiteElo "2285"]
[BlackElo "2013"]
[PlyCount "57"]
[EventDate "2016.10.15"]
[EventType "swiss"]
[EventRounds "9"]
[EventCountry "RUS"]

1. c4 c5 2. Nf3 Nf6 3. Nc3 Nc6 4. d4 cxd4 5. Nxd4 g6 6. g3 Bg7 7. Bg2 O-O 8.
O-O Qa5 9. Nb3 Qh5 10. Bf3 Ng4 11. h4 Bxc3 12. bxc3 Nce5 13. Bg2 Nxc4 14. Qd4
Nce5 15. f3 d6 16. fxg4 Bxg4 17. Bxb7 Bxe2 18. Rf2 Rab8 19. Be4 Nf3+ 20. Bxf3
Bxf3 21. Bh6 Qxh6 22. Rxf3 Qh5 23. Raf1 a5 24. Qa7 a4 25. Qxa4 Ra8 26. Qd7 Rxa2
27. Rxf7 Rb8 28. Rxe7 g5 29. Qe6+ 1-0

[Event "Chigorin Memorial"]
[Site "St Petersburg"]
[Date "2016.10.20"]
[Round "6.77"]
[White "Tsaruk, Maksim"]
[Black "Khakimov, Timur"]
[Result "0-1"]
[WhiteElo "2003"]
[BlackElo "2281"]
[PlyCount "110"]
[EventDate "2016.10.15"]
[EventType "swiss"]
[EventRounds "9"]
[EventCountry "RUS"]

1. e4 e5 2. Nf3 Nc6 3. Bb5 f5 4. d3 fxe4 5. dxe4 Nf6 6. O-O Bc5 7. Bxc6 bxc6 8.
Nxe5 O-O 9. Bg5 Qe8 10. Bxf6 Rxf6 11. Nd3 Bd4 12. Nd2 d5 13. c3 Bb6 14. e5 Rf8
15. Kh1 Bf5 16. Nb3 Bxd3 17. Qxd3 Qxe5 18. Rae1 Qh5 19. Nd4 Rf6 20. Qe2 Qf7 21.
f4 c5 22. Nc2 Rf8 23. g3 d4 24. c4 Ba5 25. b4 Bxb4 26. Nxb4 cxb4 27. Qe5 d3 28.
Qe4 Rd8 29. c5 d2 30. Rd1 Qd5 31. Qxd5+ Rxd5 32. Rf2 Rc6 33. Rfxd2 Rxd2 34.
Rxd2 Rxc5 35. Kg2 Rc3 36. Kh3 a5 37. Kg4 a4 38. Kf5 b3 39. axb3 axb3 40. Ke6 h6
41. g4 Rc6+ 42. Ke5 Rc2 43. Rd8+ Kh7 44. Rb8 b2 45. h4 c5 46. Ke6 c4 47. g5
hxg5 48. hxg5 Kg6 49. f5+ Kxg5 50. Rb5 Kh6 51. Kf7 c3 52. Rb6+ Kg5 53. Rb5 Rf2
54. f6+ Kh6 55. Kg8 gxf6 0-1

[Event "Chigorin Memorial"]
[Site "St Petersburg"]
[Date "2016.10.20"]
[Round "6.78"]
[White "Iljin, Timofey"]
[Black "Zavgorodniaya, Alena"]
[Result "1-0"]
[WhiteElo "2279"]
[BlackElo "2011"]
[PlyCount "75"]
[EventDate "2016.10.15"]
[EventType "swiss"]
[EventRounds "9"]
[EventCountry "RUS"]

1. d4 d5 2. c4 c6 3. Nc3 Nf6 4. Nf3 e6 5. g3 Bd6 6. Bg2 O-O 7. O-O Nbd7 8. Qd3
Re8 9. Rd1 Qe7 10. Nd2 Bb4 11. e4 e5 12. cxd5 exd4 13. Qxd4 Bc5 14. d6 Qd8 15.
Qc4 Bxf2+ 16. Kh1 Ng4 17. Nf3 Qb6 18. Rf1 Nde5 19. Qe2 Qc5 20. Nxe5 Rxe5 21.
Bf3 Nxh2 22. Kxh2 Bxg3+ 23. Kxg3 Qxd6 24. Kf2 Qf6 25. Kg1 Bh3 26. Bg2 Qg6 27.
Bf4 Rh5 28. Qf3 Bg4 29. Qg3 Qe6 30. Nd1 Bh3 31. Nf2 Bxg2 32. Kxg2 Rb5 33. b3 f5
34. Rae1 Qf7 35. Nd3 fxe4 36. Be5 Qd7 37. Rxe4 g6 38. Qf3 1-0

[Event "Chigorin Memorial"]
[Site "St Petersburg"]
[Date "2016.10.20"]
[Round "6.79"]
[White "Dimitrova, Aleksandra"]
[Black "Ismagilov, Damir"]
[Result "1-0"]
[WhiteElo "2269"]
[BlackElo "1927"]
[PlyCount "61"]
[EventDate "2016.10.15"]
[EventType "swiss"]
[EventRounds "9"]
[EventCountry "RUS"]

1. e4 e5 2. Nf3 Nc6 3. Bb5 Nge7 4. Nc3 g6 5. d4 exd4 6. Nd5 Bg7 7. Bg5 h6 8.
Bf6 Bxf6 9. Nxf6+ Kf8 10. Qd2 d5 11. Bxc6 bxc6 12. Qxd4 Be6 13. Nxd5 cxd5 14.
Qxh8+ Ng8 15. O-O-O f6 16. Nd4 Bf7 17. e5 c5 18. e6 Be8 19. e7+ Qxe7 20. Rhe1
Qxe1 21. Rxe1 cxd4 22. Re6 Bf7 23. Rxf6 Re8 24. Rf4 d3 25. cxd3 Ke7 26. Qg7 Rf8
27. Rf3 Ke8 28. Rxf7 Rxf7 29. Qxg8+ Ke7 30. f3 Kf6 31. Qh8+ 1-0

[Event "Chigorin Memorial"]
[Site "St Petersburg"]
[Date "2016.10.20"]
[Round "6.81"]
[White "Nasuta, Grzegorz"]
[Black "Stolyarsky, Yegor"]
[Result "1-0"]
[WhiteElo "2454"]
[BlackElo "1751"]
[PlyCount "97"]
[EventDate "2016.10.15"]
[EventType "swiss"]
[EventRounds "9"]
[EventCountry "RUS"]

1. e4 e5 2. Nf3 Nc6 3. Bb5 a6 4. Ba4 Nf6 5. O-O Nxe4 6. d4 b5 7. Bb3 d5 8. dxe5
Be6 9. Be3 Bc5 10. Bxc5 Nxc5 11. c3 Nxb3 12. axb3 O-O 13. Re1 Bg4 14. Nbd2 f6
15. exf6 Qxf6 16. Qe2 d4 17. Qe4 Bxf3 18. Nxf3 dxc3 19. bxc3 Na7 20. h3 Qc6 21.
Qe6+ Qxe6 22. Rxe6 Rad8 23. Rexa6 Nc8 24. Rc6 Rd7 25. b4 Ne7 26. Rc5 c6 27. Nd4
Rf6 28. Ra6 Rdd6 29. Ra7 Ng6 30. g3 Nf8 31. Rg5 Ng6 32. Rc7 h6 33. Rc5 Nf8 34.
R7xc6 Rxc6 35. Rxc6 Rxc6 36. Nxc6 Ne6 37. Nd4 Nc7 38. Kg2 Kf7 39. Kf3 Kf6 40.
Ke4 g6 41. f4 Kf7 42. Ke5 Ke7 43. g4 Kf7 44. Kd6 Ne8+ 45. Kc6 Nf6 46. Nxb5 h5
47. g5 Ng8 48. Kd7 Ne7 49. Nd6+ 1-0

[Event "Chigorin Memorial"]
[Site "St Petersburg"]
[Date "2016.10.20"]
[Round "6.82"]
[White "Idani, Pouya"]
[Black "Rozycki, Bartlomiej"]
[Result "1-0"]
[WhiteElo "2551"]
[BlackElo "2170"]
[PlyCount "73"]
[EventDate "2016.10.15"]
[EventType "swiss"]
[EventRounds "9"]
[EventCountry "RUS"]

1. e4 e6 2. d4 d5 3. Nd2 Nf6 4. e5 Nfd7 5. Bd3 c5 6. c3 Nc6 7. Ne2 a5 8. O-O a4
9. a3 Nb6 10. Rb1 Na5 11. Nf3 Bd7 12. Re1 Qc7 13. dxc5 Bxc5 14. Ned4 Nbc4 15.
Bc2 b5 16. Bf4 h6 17. h4 Qb6 18. h5 Nc6 19. Bc1 Kd8 20. Nxc6+ Bxc6 21. Qe2 Kc7
22. Rd1 Bd7 23. Nd4 Rhb8 24. Bf4 Qa7 25. Bg3 Kb7 26. Qg4 Bf8 27. Qf3 Be8 28.
Nxe6 fxe6 29. Qxf8 Ka6 30. Qf3 Qf7 31. Qg4 Qxh5 32. Qxe6+ Nb6 33. Qf5 Qxf5 34.
Bxf5 Bh5 35. Rd4 Rf8 36. Bd3 Rae8 37. b3 1-0

[Event "Chigorin Memorial"]
[Site "St Petersburg"]
[Date "2016.10.20"]
[Round "6.83"]
[White "Anchutin, Nikita"]
[Black "Bajarani, Ulvi"]
[Result "1-0"]
[WhiteElo "2198"]
[BlackElo "2512"]
[PlyCount "81"]
[EventDate "2016.10.15"]
[EventType "swiss"]
[EventRounds "9"]
[EventCountry "RUS"]

1. d4 e6 2. Nf3 Nf6 3. c4 b6 4. g3 Bb7 5. Bg2 Be7 6. O-O O-O 7. Nc3 Ne4 8. Qc2
Nxc3 9. Qxc3 c5 10. Rd1 Bf6 11. Qc2 Nc6 12. Be3 Qe7 13. dxc5 bxc5 14. Nd2 Nb4
15. Qc1 Bxg2 16. Kxg2 Nc6 17. Ne4 Bd4 18. Bxd4 cxd4 19. Qg5 Qxg5 20. Nxg5 e5
21. e3 h6 22. Ne4 Rab8 23. Rab1 Rb4 24. b3 Rbb8 25. Nd6 dxe3 26. fxe3 f5 27.
Rd5 a6 28. Rf1 g6 29. e4 f4 30. gxf4 exf4 31. e5 g5 32. Ne4 Rf7 33. Nf6+ Kg7
34. Nxd7 Re8 35. Re1 Rfe7 36. a3 a5 37. Kf3 Kh8 38. Kf2 Rd8 39. e6 Rde8 40. Rd6
Nd8 41. Nf6 1-0

[Event "Chigorin Memorial"]
[Site "St Petersburg"]
[Date "2016.10.20"]
[Round "6.84"]
[White "Urazayev, Arystanbek"]
[Black "Ungurs, Edgars"]
[Result "0-1"]
[WhiteElo "2377"]
[BlackElo "2140"]
[PlyCount "134"]
[EventDate "2016.10.15"]
[EventType "swiss"]
[EventRounds "9"]
[EventCountry "RUS"]

1. e4 c5 2. Nf3 d6 3. Bb5+ Bd7 4. Bxd7+ Qxd7 5. O-O Nf6 6. e5 dxe5 7. Nxe5 Qc8
8. b3 e6 9. Bb2 Be7 10. Qf3 O-O 11. Na3 Nbd7 12. Nac4 Nxe5 13. Nxe5 Nd7 14.
Nxd7 Qxd7 15. Qg3 f6 16. d3 e5 17. f4 exf4 18. Qxf4 Bd6 19. Qc4+ Qf7 20. Rae1
Qxc4 21. dxc4 Rfe8 22. g3 Rxe1 23. Rxe1 Kf7 24. Kf2 h5 25. Rd1 Ke6 26. Rd5 Rh8
27. h4 g6 28. a4 Rd8 29. Bc1 Rd7 30. Be3 b6 31. a5 Be5 32. Rd3 Rd6 33. Kf3 Kf5
34. Bd2 g5 35. axb6 axb6 36. Be1 Bd4 37. Bc3 Be5 38. Be1 Bd4 39. Bc3 g4+ 40.
Kg2 Be5 41. Bd2 Re6 42. Rd8 Rd6 43. Rxd6 Bxd6 44. Kf2 Ke4 45. Bc1 Be5 46. Bh6
Kd4 47. Bd2 Bc7 48. Kg2 Bd6 49. Kf2 f5 50. Kg2 f4 51. gxf4 Be7 52. Kg3 Bf6 53.
Be1 Ke3 54. b4 Kd4 55. bxc5 bxc5 56. Ba5 Kxc4 57. Bc7 Kd5 58. Ba5 c4 59. Bb6
Ke4 60. Bc5 Bc3 61. Be7 Be1+ 62. Kg2 Kxf4 63. Bg5+ Kf5 64. Bd8 Bc3 65. Bb6 Ke4
66. Bc5 Bd4 67. Bb4 c3 0-1

[Event "Chigorin Memorial"]
[Site "St Petersburg"]
[Date "2016.10.20"]
[Round "6.85"]
[White "Semenenko, Sergey"]
[Black "Martynov, Pavel"]
[Result "0-1"]
[WhiteElo "2184"]
[BlackElo "2374"]
[PlyCount "52"]
[EventDate "2016.10.15"]
[EventType "swiss"]
[EventRounds "9"]
[EventCountry "RUS"]

1. d4 e6 2. c4 c5 3. d5 exd5 4. cxd5 d6 5. Nc3 g6 6. Nf3 Bg7 7. Nd2 a6 8. a4
Nd7 9. e4 Ne7 10. Nc4 Ne5 11. Bf4 Nxc4 12. Bxc4 O-O 13. O-O h6 14. h4 g5 15.
hxg5 Ng6 16. Be3 hxg5 17. Qd2 g4 18. Bg5 Qe8 19. Rfe1 f6 20. Be3 Ne5 21. Ba2
Qh5 22. Bf4 Kf7 23. Bxe5 fxe5 24. Ne2 Rh8 25. Kf1 Qh1+ 26. Ng1 Rh2 0-1

[Event "Chigorin Memorial"]
[Site "St Petersburg"]
[Date "2016.10.20"]
[Round "6.86"]
[White "Chashchev, Sergey"]
[Black "Zlatin, Alexander"]
[Result "1-0"]
[WhiteElo "2349"]
[BlackElo "2182"]
[PlyCount "87"]
[EventDate "2016.10.15"]
[EventType "swiss"]
[EventRounds "9"]
[EventCountry "RUS"]

1. Nf3 Nf6 2. g3 d5 3. Bg2 e6 4. O-O Be7 5. b3 O-O 6. Bb2 b6 7. d3 Bb7 8. Nbd2
c5 9. e4 Nc6 10. e5 Nd7 11. Qe2 Qc7 12. Rfe1 Rae8 13. c4 Nb4 14. cxd5 Bxd5 15.
Nf1 Rc8 16. Bc3 Rfd8 17. Rac1 Qb7 18. Ne3 Bc6 19. Bxb4 cxb4 20. d4 b5 21. d5
Bxd5 22. Rxc8 Rxc8 23. Nxd5 Qxd5 24. Rd1 Qb7 25. Nd4 Qc7 26. Nc6 Nb8 27. Nxe7+
Qxe7 28. Qxb5 g6 29. h4 Kg7 30. Rd6 Rc1+ 31. Kh2 Qc7 32. Qxb4 Rc2 33. Qf4 Nd7
34. h5 Rc5 35. b4 Rxe5 36. Qd4 Kh6 37. Rxd7 Rxh5+ 38. Kg1 Qc1+ 39. Qd1 Qa3 40.
Rxf7 Qxb4 41. Qc1+ Rg5 42. Bf3 e5 43. Kg2 Qh4 44. Qc7 1-0

[Event "Chigorin Memorial"]
[Site "St Petersburg"]
[Date "2016.10.20"]
[Round "6.87"]
[White "Privalov, Igor"]
[Black "Bronstein, Or"]
[Result "0-1"]
[WhiteElo "2163"]
[BlackElo "2348"]
[PlyCount "114"]
[EventDate "2016.10.15"]
[EventType "swiss"]
[EventRounds "9"]
[EventCountry "RUS"]

1. e4 c5 2. Nf3 d6 3. d4 cxd4 4. Nxd4 Nf6 5. Nc3 a6 6. Bg5 Nbd7 7. f4 Qc7 8.
Qf3 h6 9. Bxf6 Nxf6 10. f5 Qc5 11. O-O-O g5 12. fxg6 Bg4 13. gxf7+ Kxf7 14. Qd3
Bxd1 15. Nxd1 Bg7 16. Kb1 Nxe4 17. Qxe4 Qxd4 18. Bc4+ Ke8 19. Qxb7 Qa7 20. Qe4
Kd8 21. Ne3 Rb8 22. b3 Qd4 23. Qxd4 Bxd4 24. Nf5 Bc3 25. Bxa6 Rf8 26. Bd3 d5
27. Nxh6 Rf4 28. Kc1 Rf2 29. Rd1 Kc7 30. Ng4 Rxg2 31. Ne3 Rg5 32. Bf5 d4 33.
Nd5+ Kc6 34. Nxc3 dxc3 35. Be4+ Kc5 36. a3 Rh8 37. Bf3 Rh3 38. Be2 Rxh2 39. b4+
Kb6 40. Bc4 Rg4 41. Bd3 e5 42. Bf5 Rf4 43. Bg6 e4 44. Kb1 e3 45. Re1 e2 46. Bd3
Rf1 47. Rxf1 exf1=Q+ 48. Bxf1 Rh1 49. Ka2 Rxf1 50. Kb3 Ra1 51. a4 Ka6 52. Kxc3
Rxa4 53. Kc4 Kb6 54. Kb3 Ra1 55. c4 Rg1 56. Ka4 Rg3 57. c5+ Kc6 0-1

[Event "Chigorin Memorial"]
[Site "St Petersburg"]
[Date "2016.10.20"]
[Round "6.88"]
[White "Yeritsyan, Aram"]
[Black "Kononenko, Dmitry"]
[Result "1-0"]
[WhiteElo "2114"]
[BlackElo "2315"]
[PlyCount "137"]
[EventDate "2016.10.15"]
[EventType "swiss"]
[EventRounds "9"]
[EventCountry "RUS"]

1. e4 c6 2. d4 d5 3. Nc3 dxe4 4. Nxe4 Bf5 5. Ng3 Bg6 6. Nh3 e6 7. Nf4 Bd6 8.
Ngh5 Bxf4 9. Nxf4 Ne7 10. h4 h6 11. Nxg6 Nxg6 12. h5 Ne7 13. Bf4 Nd7 14. Qg4
Nf5 15. O-O-O Qa5 16. Bc4 O-O-O 17. c3 b5 18. Bb3 Nb6 19. Qf3 Kb7 20. Be5 b4
21. g4 Nd6 22. cxb4 Qxb4 23. Bxg7 Rhg8 24. Bxh6 a5 25. Bd2 Qb5 26. Bc3 a4 27.
Bc2 Nd5 28. Bd3 Qb6 29. Bc2 Qb5 30. Rhg1 Ka8 31. Qd3 Nc4 32. b3 Nd6 33. bxa4
Qxd3 34. Rxd3 Ne4 35. Be1 Nf4 36. Re3 Nf6 37. f3 N4xh5 38. Bh4 Rxd4 39. Ree1
Rc4 40. Rh1 Nd5 41. Re4 Rc3 42. Be1 Nhf6 43. Bxc3 Nxe4 44. Bxe4 Nxc3 45. Bxc6+
Ka7 46. Kb2 Ne2 47. Rh7 Rf8 48. Bb5 Nd4 49. f4 Kb6 50. Kc3 Kc5 51. Bc4 Nc6 52.
Rh5+ Kd6 53. Bb5 Ne7 54. Kd4 f6 55. Bc4 Rg8 56. Rh6 Nc6+ 57. Ke4 Ke7 58. g5 Rf8
59. Rxf6 Rxf6 60. gxf6+ Kxf6 61. Bb5 Na5 62. Kd4 Nb7 63. Bc6 Nd6 64. Kc5 Nc8
65. Bb7 Ne7 66. a5 Ng6 67. a6 Nxf4 68. a7 Nd3+ 69. Kd4 1-0

[Event "Chigorin Memorial"]
[Site "St Petersburg"]
[Date "2016.10.20"]
[Round "6.89"]
[White "Rudenko, Naum"]
[Black "Sichinava, Zviad"]
[Result "1-0"]
[WhiteElo "2102"]
[BlackElo "2305"]
[PlyCount "73"]
[EventDate "2016.10.15"]
[EventType "swiss"]
[EventRounds "9"]
[EventCountry "RUS"]

1. e4 c5 2. Nf3 Nc6 3. d4 cxd4 4. Nxd4 g6 5. c4 Bg7 6. Be3 Nf6 7. Nc3 Ng4 8.
Qxg4 Nxd4 9. Qd1 Ne6 10. Be2 Qa5 11. Qd2 b6 12. O-O Bb7 13. Rfd1 d6 14. Nd5
Qxd2 15. Rxd2 g5 16. f3 h5 17. a4 Rc8 18. a5 Nc5 19. axb6 Bxd5 20. Rxd5 axb6
21. Bxg5 Bxb2 22. Rb1 Be5 23. Rxb6 Na4 24. Rb7 Nc3 25. Rxe7+ Kf8 26. Rdxe5 dxe5
27. Bf1 Kg7 28. Rxe5 f6 29. Re7+ Kg6 30. Bd2 Nb1 31. Be3 Rhd8 32. f4 f5 33.
exf5+ Kf6 34. Re6+ Kf7 35. Be2 Nc3 36. Bxh5+ Kf8 37. f6 1-0

[Event "Chigorin Memorial"]
[Site "St Petersburg"]
[Date "2016.10.20"]
[Round "6.90"]
[White "Svidinsky, Dmitry"]
[Black "Demianjuk, Alexander"]
[Result "0-1"]
[WhiteElo "2099"]
[BlackElo "2302"]
[PlyCount "118"]
[EventDate "2016.10.15"]
[EventType "swiss"]
[EventRounds "9"]
[EventCountry "RUS"]

1. Nf3 d5 2. d4 c6 3. c4 Nf6 4. Nc3 dxc4 5. a4 e6 6. e3 c5 7. Bxc4 Nc6 8. O-O
Be7 9. Qe2 cxd4 10. exd4 O-O 11. Rd1 Nb4 12. Bg5 Nbd5 13. Rac1 Nxc3 14. Rxc3
Nd5 15. Bxd5 Bxg5 16. Be4 Bf6 17. Ne5 g6 18. Qc2 Qd6 19. Rc7 Bxe5 20. dxe5 Qxe5
21. Bxb7 Bxb7 22. Rxb7 Rad8 23. h3 Rxd1+ 24. Qxd1 Rc8 25. Rxf7 a5 26. g3 Rf8
27. Rxf8+ Kxf8 28. Qd8+ Kg7 29. Qd7+ Kh6 30. Qd2+ Kg7 31. b4 axb4 32. Qxb4 Qa1+
33. Kg2 e5 34. a5 e4 35. Qe7+ Kh6 36. Qc5 Kg7 37. Qb6 e3 38. fxe3 Qa2+ 39. Kf3
Qd5+ 40. Ke2 Qg2+ 41. Kd3 Qf1+ 42. Kd4 Kh6 43. a6 Qa1+ 44. Kd5 Qd1+ 45. Ke6 Qd3
46. a7 Qf5+ 47. Ke7 Qe5+ 48. Kd7 Qd5+ 49. Qd6 Qf7+ 50. Qe7 Qd5+ 51. Ke8 Qa8+
52. Kf7 Qd5+ 53. Ke8 Qa8+ 54. Qd8 Qe4+ 55. Kf7 Qf5+ 56. Qf6 Qd5+ 57. Qe6 Qb7+
58. Qe7 Qd5+ 59. Kf6 Qf5# 0-1

[Event "Chigorin Memorial"]
[Site "St Petersburg"]
[Date "2016.10.20"]
[Round "6.91"]
[White "Shchukin, Dmitry"]
[Black "Chibukhchyan, Erik"]
[Result "1-0"]
[WhiteElo "2300"]
[BlackElo "2135"]
[PlyCount "87"]
[EventDate "2016.10.15"]
[EventType "swiss"]
[EventRounds "9"]
[EventCountry "RUS"]

1. e4 e5 2. Bc4 Nf6 3. d3 Nc6 4. Nf3 h6 5. Nc3 Bb4 6. Bd2 d6 7. a3 Bxc3 8. Bxc3
O-O 9. h3 Be6 10. Qe2 a6 11. Rd1 Qe8 12. O-O b5 13. Bb3 Bxb3 14. cxb3 Qe6 15.
b4 Ne7 16. Rfe1 Ng6 17. d4 Rfe8 18. dxe5 dxe5 19. Qe3 Nh5 20. Kh2 Nhf4 21. Nxe5
Nxg2 22. Kxg2 Nxe5 23. Qg3 f6 24. f4 Nf7 25. Kh2 Re7 26. Rd2 Rae8 27. Rg2 Nd6
28. e5 fxe5 29. Bxe5 Qf7 30. Reg1 Nf5 31. Qc3 g5 32. Qc6 Re6 33. Qc3 Nh4 34.
Rg3 Ng6 35. R1g2 Nxe5 36. fxe5 Rxe5 37. Qc6 R5e6 38. Qc1 Re2 39. Rxg5+ hxg5 40.
Qxg5+ Kf8 41. Qh6+ Ke7 42. Rxe2+ Kd7 43. Rd2+ Ke7 44. Qh4+ 1-0

[Event "Chigorin Memorial"]
[Site "St Petersburg"]
[Date "2016.10.20"]
[Round "6.92"]
[White "Trapeznikova, Darya"]
[Black "Askerov, Marat"]
[Result "1/2-1/2"]
[WhiteElo "2093"]
[BlackElo "2299"]
[PlyCount "111"]
[EventDate "2016.10.15"]
[EventType "swiss"]
[EventRounds "9"]
[EventCountry "RUS"]

1. d4 Nf6 2. c4 e6 3. Nc3 Bb4 4. e3 b6 5. Nge2 c5 6. a3 Ba5 7. Rb1 Qe7 8. Nf4
cxd4 9. exd4 Bxc3+ 10. bxc3 Nc6 11. Be2 Na5 12. O-O O-O 13. Qa4 d6 14. Be3 Bd7
15. Qb4 Rac8 16. Nh3 Rc6 17. Bf4 Rfc8 18. Rbc1 Nxc4 19. Bxc4 Rxc4 20. Bxd6 Rxb4
21. Bxe7 Rbc4 22. Bxf6 gxf6 23. Nf4 Rxc3 24. Rxc3 Rxc3 25. Nh5 Bb5 26. Ra1 Rd3
27. Nxf6+ Kg7 28. Ng4 Rxd4 29. Ne3 f5 30. g3 Rd3 31. a4 Bc6 32. a5 Rb3 33. axb6
axb6 34. Kf1 Bf3 35. Ke1 Kf6 36. Ra2 Rd3 37. Rb2 Rd6 38. Rb1 Rc6 39. Kd2 e5 40.
Rb4 Rd6+ 41. Kc3 Rc6+ 42. Kd2 Rd6+ 43. Kc3 Be2 44. Rxb6 Rxb6 45. Nd5+ Kg5 46.
Nxb6 Kg4 47. Nd7 e4 48. Kd2 Kf3 49. Ke1 Bb5 50. Nf6 h6 51. Ng8 Bc4 52. Nxh6 Be6
53. h3 Kg2 54. Ke2 Kxh3 55. Ke3 Kg2 56. g4 1/2-1/2